[Event "FISCA Online U14 op"]
[Site "Chess.com INT"]
[Date "2020.05.16"]
[Round "8"]
[White "Ciobanu, Alexia Maria"]
[Black "Strajan, Andrei Mihai"]
[Result "0-1"]
[WhiteElo "1118"]
[BlackElo "1255"]
[PlyCount "78"]
[EventDate "2020.05.09"]
[EventType "swiss"]
[EventRounds "9"]
[EventCountry "ROU"]
[SourceTitle "EXT 2021"]
[Source "ChessBase"]
[SourceDate "2020.10.23"]
[SourceVersion "1"]
[SourceVersionDate "2020.10.23"]
[SourceQuality "1"]

1. e4 e6 2. d4 d5 3. f3 c5 4. Bb5+ Bd7 5. Bxd7+ Nxd7 6. exd5 exd5 7. dxc5 Nxc5 8. Be3 Be7 9. Nc3 Nf6 10. Bd4 Ncd7 11. Nge2 0-0 12. 0-0 Qc7 13. Rc1 a6 14. Bxf6 Nxf6 15. Kh1 Rad8 16. Qd3 Rd7 17. Nd4 Bd6 18. g3 Be5 19. Rfe1 Bxd4 20. Qxd4 b5 21. Re5 Rfd8 22. Rce1 Qc6 23. Qe3 h6 24. Qd3 Rc7 25. R5e2 b4 26. Nd1 d4 27. Nf2 a5 28. Ne4 Nxe4 29. Rxe4 Rcc8 30. Rxd4 Rxd4 31. Qxd4 Qxf3+ 32. Kg1 Rxc2 33. Re8+ Kh7 34. Qe4+ Qxe4 35. Rxe4 Rxb2 36. a3 bxa3 37. Ra4 a2 38. Rxa5 Rb1+ 39. Kg2 a1Q 0-1